00000000nam 2200000zi 4500
0019.954536
003CaOODSP
00520250827134431
006m     o  d f      
007cr mn|||||||||
008250827e20241122onc     ob   f000 0 eng d
040 |aCaOODSP|beng|erda|cCaOODSP
043 |an-cn---
0861 |aRv55-8/1-8-1-2024E-PDF
24500|aLicensing of customs brokers.
250 |a[November 22, 2024 edition].
264 1|aOttawa : |bCanada Border Services Agency = Agence des services frontaliers du Canada, |cNovember 22, 2024.
300 |a1 online resource (18 pages).
336 |atext|btxt|2rdacontent
337 |acomputer|bc|2rdamedia
338 |aonline resource|bcr|2rdacarrier
4901 |aMemorandum, |x2369-2391 ; |vD1-8-1
500 |aCaption title.
500 |aIssued also in French under title: Agrément des courtiers en douane.
500 |a"Superseded Memorandum D, D1-8-1 dated September 17, 2008."
504 |aIncludes bibliographical references (page 17).
520 |a"Outlines the procedures to be followed by an individual, partnership, or corporation applying for a customs broker licence and the conditions under which licensed customs brokers must operate"--Key content, page [1].
650 0|aCustomhouse brokers|xLicenses|zCanada.
7102 |aCanada Border Services Agency, |eissuing body.
77508|tAgrément des courtiers en douane.|w(CaOODSP)9.954539
795 |tLicensing of customs brokers.|b[August 23, 2023 edition]|w(CaOODSP)9.937022
830#0|aMemorandum (Canada Border Services Agency)|x2369-2391 ; |vD1-8-1.|w(CaOODSP)9.816825
85640|qPDF|s267 KB|uhttps://publications.gc.ca/collections/collection_2025/asfc-cbsa/Rv55-8-1-8-1-2024-eng.pdf